Statistics for Random Irish words

Click here to take the quiz!

General Stats

  • This quiz has been taken 214 times
  • The average score is 14 of 20

Answer Stats

as GaeilgeEnglish% Correct
eitleánairplane
100%
LúnasaAugust
100%
rotharbicycle
100%
leabharbook
100%
buachaillboy
100%
deartháirbrother
100%
páistechild
100%
clogclock
100%
caifecoffee
100%
cupáncup
100%
NollaigDecember
100%
a hochteight
100%
uilinnelbow
100%
FeabhraFebruary
100%
biafood
100%
Dé hAoineFriday
100%
gairdíngarden
100%
cáilíngirl
100%
ceannhead
100%
lampalamp
100%
solaslight
100%
MártaMarch
100%
BealtaineMay
100%
máthairmother
100%
a haonnone
100%
oráisteorange
100%
pictiúrpicture
100%
bán-deargpink
100%
plátaplate
100%
a seachtseven
100%
a sésix
100%
siúcrasugar
100%
bordtable
100%
taetea
100%
fiaclateeth
100%
a tríthree
100%
trátatomato
100%
traeintrain
100%
a dótwo
100%
glasraívegetables
100%
bánwhite
100%
beanwoman
100%
forcfork
83%
teachhouse
83%
uncailuncle
83%
Dé SathairnSaturday
80%
AibreánApril
75%
gormblue
75%
fearman
75%
Dé LuainMonday
75%
a naoinine
75%
oráisteorange
75%
srónnose
71%
bádboat
67%
imbutter
67%
Deireadh FómhairOctober
67%
piobarpepper
67%
corcrapurple
67%
Meán FómhairSeptember
67%
Dé DomhnaighSunday
67%
a deichten
67%
Dé MáirtTuesday
67%
uiscewater
67%
fuinneogwindow
67%
busbus
60%
cluasear
60%
IúilJuly
60%
uisce beathawhiskey
57%
aintínaunt
50%
babhlabowl
50%
aránbread
50%
a cúigfive
50%
a ceathairfour
50%
gloineglass
50%
EanáirJanuary
50%
bainnemilk
50%
deargred
50%
macson
50%
taetea
50%
DéardaoinThursday
50%
buíyellow
50%
cathaoirchair
40%
gruaighair
40%
duineperson
40%
gluaisteáncar
33%
iníondaughter
33%
ag itheeating
33%
athairfather
33%
subhjam
33%
scianknife
33%
cosleg
33%
feoilmeat
33%
bialannrestaurant
33%
salannsalt
33%
SamhainNovember
25%
tolgsofa
25%
tarracóirtractor
25%
guthántelephone
20%
lámhhand
17%
úllapple
0%
beoirbeer
0%
bolgbelly
0%
buidéalbottle
0%
donnbrown
0%
cístecake
0%
súileye
0%
glasgreen
0%
liathgrey
0%
MeitheamhJune
0%
gliúnknee
0%
béalmouth
0%
fo-chupánsaucer
0%
gualainnshoulder
0%
deirfiúrsister
0%
anraithsoup
0%
spúnógspoon
0%
leoraítruck
0%
Dé ChéadaoinWednesday
0%

Score Distribution

Percentile by Number Answered

Percent of People with Each Score

Your Score History

You have not taken this quiz